| 000 | 00904nam a22002297a 4500 | ||
|---|---|---|---|
| 005 | 20120912164212.0 | ||
| 010 | _aB-483232,UR-8114 | ||
| 020 | _c320.00. | ||
| 035 | _aB-483232,U-6669 | ||
| 037 | _bBPPD | ||
| 037 | _bDBAD/PUB | ||
| 100 |
_aمختا ر مسعو د _954791 |
||
| 245 |
_aآ و ا ز د و ست / _cمختا ر مسعو د |
||
| 246 |
_aAawaz-e- Dost _bBy Mukhtar Masood |
||
| 260 |
_a د ہلی _bا يم آر پبليکيشنز _c2012ء |
||
| 270 | _a2724-25 Darya Ganj New Delhi | ||
| 300 |
_a245 ص _c22 Cm.(B.b) |
||
| 500 | _aدو حصہ | ||
| 942 |
_2ddc _cUR _h840 _mم خ ت |
||
| 999 |
_c70585 _d70585 |
||